The history of Bengal / (Record no. 6367)
[ view plain ]
| 000 -LEADER | |
|---|---|
| fixed length control field | 00690nam a22002297a 4500 |
| 001 - CONTROL NUMBER | |
| control field | 18615 |
| 003 - CONTROL NUMBER IDENTIFIER | |
| control field | BD-DhUAP |
| 005 - DATE AND TIME OF LATEST TRANSACTION | |
| control field | 20201230123324.0 |
| 008 - FIXED-LENGTH DATA ELEMENTS--GENERAL INFORMATION | |
| fixed length control field | 201230r20061948bg aenk 000 0 eng d |
| 020 ## - INTERNATIONAL STANDARD BOOK NUMBER | |
| International Standard Book Number | 9845102330 |
| 040 ## - CATALOGING SOURCE | |
| Original cataloging agency | BD-DhUAP |
| Transcribing agency | BD-DhUAP |
| Modifying agency | BD-DhUAP |
| Language of cataloging | Eng |
| 082 ## - DEWEY DECIMAL CLASSIFICATION NUMBER | |
| Edition number | 23 |
| Classification number | 954.14 HIS |
| 245 ## - TITLE STATEMENT | |
| Title | The history of Bengal / |
| Statement of responsibility, etc. | edited by Jadunth Sarkar. |
| 250 ## - EDITION STATEMENT | |
| Edition statement | 1st ed. |
| 260 ## - PUBLICATION, DISTRIBUTION, ETC. | |
| Place of publication, distribution, etc. | Dacca: |
| Name of publisher, distributor, etc. | The University of Dacca, |
| Date of publication, distribution, etc. | c1948 [2006]. |
| 300 ## - PHYSICAL DESCRIPTION | |
| Extent | volumes : |
| Other physical details | illustrations ; |
| Dimensions | 22 cm. |
| 505 ## - FORMATTED CONTENTS NOTE | |
| Formatted contents note | V. 2-Muslim perid 1200-1757. |
| 650 ## - SUBJECT ADDED ENTRY--TOPICAL TERM | |
| Topical term or geographic name entry element | Bengal |
| Form subdivision | History. |
| Geographic subdivision | India. |
| 700 ## - ADDED ENTRY--PERSONAL NAME | |
| Personal name | Sarkar, Jadunath. |
| 942 ## - ADDED ENTRY ELEMENTS (KOHA) | |
| Source of classification or shelving scheme | |
| Koha item type | Book |
| Withdrawn status | Lost status | Source of classification or shelving scheme | Damaged status | Not for loan | Permanent Location | Current Location | Shelving location | Date acquired | Full call number | Barcode | Date last seen | Copy number | Price effective from | Koha item type | Total Checkouts | Total Renewals | Date last checked out |
|---|---|---|---|---|---|---|---|---|---|---|---|---|---|---|---|---|---|
| UAP Central Library | UAP Central Library | General Stacks | 2020-12-30 | 954.14 HIS V-2 | 3010018615 | 2020-12-30 | 1 | 2020-12-30 | Book | ||||||||
| UAP Central Library | UAP Central Library | General Stacks | 2020-12-30 | 954.14 HIS V-2 | 3010018616 | 2025-03-09 | 2 | 2020-12-30 | Book | 1 | 2 | 2025-02-05 | |||||
| UAP Central Library | UAP Central Library | General Stacks | 2020-12-30 | 954.14 HIS V-2 | 3010018614 | 2020-12-30 | 3 | 2020-12-30 | Book | ||||||||
| UAP Central Library | UAP Central Library | General Stacks | 2020-12-30 | 954.14 HIS V-2 | 3010018617 | 2020-12-30 | 4 | 2020-12-30 | Book | ||||||||
| UAP Central Library | UAP Central Library | General Stacks | 2020-12-31 | 954.14 HIS V-2 | 3010018618 | 2020-12-31 | 5 | 2020-12-31 | Book | ||||||||
| UAP Central Library | UAP Central Library | General Stacks | 2021-01-03 | 954.14 HIS V-2 | 3010000292 | 2021-01-03 | 6 | 2021-01-03 | Book | ||||||||
| UAP Central Library | UAP Central Library | Reserve Stacks | 2021-01-03 | 954.14 HIS V-2 | 3010004688 | 2021-01-25 | 7 | 2021-01-03 | Book | ||||||||
| UAP Central Library | UAP Central Library | Reserve Stacks | 2021-01-03 | 954.14 HIS V-2 | 3010004689 | 2021-01-25 | 8 | 2021-01-03 | Book | ||||||||
| UAP Central Library | UAP Central Library | General Stacks | 2021-01-31 | 954.14 HIS V-2 | 3010004682 | 2021-01-31 | 9 | 2021-01-31 | Book | ||||||||
| UAP Central Library | UAP Central Library | General Stacks | 2021-01-31 | 954.14 HIS V-2 | 3010004683 | 2021-01-31 | 10 | 2021-01-31 | Book | ||||||||
| UAP Central Library | UAP Central Library | Reserve Stacks | 2021-01-31 | 954.14 HIS V-2 | 3010004686 | 2021-01-31 | 11 | 2021-01-31 | Book | ||||||||
| UAP Central Library | UAP Central Library | Reserve Stacks | 2021-01-31 | 954.14 HIS V-2 | 3010004681 | 2021-01-31 | 12 | 2021-01-31 | Book | ||||||||
| UAP Central Library | UAP Central Library | Reserve Stacks | 2021-01-31 | 954.14 HIS V-2 | 3010004212 | 2021-01-31 | 13 | 2021-01-31 | Book |
Bengali Keyboard